Statistics for Countries With Most Language Diversity

Click here to take the quiz!

General Stats

  • This quiz has been taken 101 times
  • The average score is 4 of 15

Answer Stats

Answer% Correct
India
88%
Papua New Guinea
69%
D.R.Congo
58%
Kenya
42%
Uganda
24%
Chad
23%
Cameroon
22%
Central African Republic
22%
Mozambique
21%
South Sudan
15%
Liberia
9%
Vanuatu
8%
Solomon Islands
7%
Benin
5%
Togo
5%

Score Distribution

Percentile by Number Answered

Percent of People with Each Score

Your Score History

You have not taken this quiz